| 000 | 01646nam a2200373 c 4500 | ||
|---|---|---|---|
| 003 | BLK | ||
| 005 | 20240808130524.0 | ||
| 008 | 180411b bul|||||r ||||||| ||bul|| | ||
| 010 | _aKNG00186607000 | ||
| 020 |
_a978-619-186-161-3 _bиздат.: Жанет 45 |
||
| 040 | _aBLK | ||
| 041 |
_aBUL _cBUL |
||
| 072 | 7 |
_2bullib _aН85 _xДетска художествена литература Н |
|
| 080 |
_aБългарска литература _b821.163.2 _x-93-34 _z821.163.2-93-34 |
||
| 700 | 1 |
_aГосподинова, Рая Георгиева _eтекст и ил. _9341196 |
|
| 700 | 1 |
_aГосподинов, Георги _eтекст и ил. _gГеоргиев, Георги Господинов _9364800 |
|
| 700 | 1 |
_aГеоргиев, Георги Господинов _e* _9299747 |
|
| 139 |
_aГосподинова, Рая Георгиева и др. _bГ 70 |
||
| 245 | 1 | 0 |
_aСватби на животни и неща _cтекст и ил. Рая Георгиева Господинова; текст и ил. Георги Господинов; * Георги Господинов Георгиев. |
| 257 | _aBGR | ||
| 260 |
_аПловдив _bЖанет 45 _c2015 |
||
| 300 |
_a44 с. _bс цв. ил. _c27 см |
||
| 380 | _aDX | ||
| 653 | _aприказки | ||
| 653 | _aлитература за деца | ||
| 653 | _aдетска литература | ||
| 659 | _aН | ||
| 852 | _aЦб ІІ 21201 | ||
| 856 | 4 |
_qpdf _u |
|
| 856 | 4 |
_qpdf _u |
|
| 942 |
_cKNG _n0 _017 |
||
| 944 |
_aCR _c19.02.2016 _lГрета Цуфелде _k30537 |
||
| 944 |
_aED _c18.05.2016 _lф / _kВиолета_Тройчева |
||
| 999 |
_c177910 _d177910 |
||